Preparing landlords for new Welsh legislation (Record no. 121321)
[ view plain ]
| 000 -LEADER | |
|---|---|
| fixed length control field | 00986nas a22002177a 4500 |
| 007 - PHYSICAL DESCRIPTION FIXED FIELD--GENERAL INFORMATION | |
| fixed length control field | ta |
| 008 - FIXED-LENGTH DATA ELEMENTS--GENERAL INFORMATION | |
| fixed length control field | 230123b2022 xxk|||||o|||| 00| 0 eng d |
| 041 ## - LANGUAGE CODE | |
| Language code of text/sound track or separate title | eng |
| 100 ## - MAIN ENTRY--PERSONAL NAME | |
| Personal author | Rees, Rebecca |
| 245 ## - TITLE STATEMENT | |
| Title | Preparing landlords for new Welsh legislation |
| 490 ## - SERIES TITLE | |
| Series statement | Property Journal |
| Volume | 25 July 2022 |
| 520 ## - ABSTRACT | |
| Abstract | This article looks at the implementation of the Renting Homes (Wales) Act 2016 and the impact for residential landlords and the obligations they face including checks on the equivalent of the English fitness for habitation requirements - the Housing health and safety rating system (HHSRS). |
| 650 ## - KEYWORDS | |
| Keywords | Renting Homes (Wales) Act 2016 |
| 650 ## - KEYWORDS | |
| Keywords | Residential property |
| 650 ## - KEYWORDS | |
| Keywords | Landlord and Tenant |
| 651 ## - SUBJECT ADDED ENTRY--GEOGRAPHIC NAME | |
| Geographic name | Wales |
| 690 ## - LOCAL SUBJECT ADDED ENTRY--TOPICAL TERM (OCLC, RLIN) | |
| 9 (RLIN) | 6252 |
| Topical term or geographic name as entry element | Landlord and tenant |
| 700 ## - ADDED PERSONAL NAME | |
| Added personal author | Rees, Rebecca |
| 700 ## - ADDED PERSONAL NAME | |
| Added personal author | Gladwyn, Bethan |
| 856 ## - ONLINE RESOURCE | |
| Uniform Resource Identifier | https://ww3.rics.org/uk/en/journals/property-journal/preparing-landlords-for-new-welsh-legislation.html |
| Public note | Available on RICS Journals |
| Withdrawn status | Lost status | Damaged status | Not for loan | Home library | Current library | Date acquired | Total Checkouts | Date last seen | Price effective from | Koha item type |
|---|---|---|---|---|---|---|---|---|---|---|
| Virtual | Virtual | 23/01/2023 | 23/01/2023 | 23/01/2023 | Journal article |